El juego como estrategia lúdica para facilitar el aprendizaje de los niños de pre-primario de la escuela Prof. Jorge Rubén Bonilla Castelle, durante el año escolar 2019-2020 / (Record no. 12711)

MARC details
000 -LEADER
campo de control de longitud fija 01197nam a2200253 4500
003 - IDENTIFICADOR DE NÚMERO DE CONTROL
campo de control DO-SdUA
005 - FECHA Y HORA DE LA ÚLTIMA TRANSACCIÓN
campo de control 20250325093536.0
008 - DATOS DE LONGITUD FIJA--INFORMACIÓN GENERAL
campo de control de longitud fija s2020 dr a|| |||| 0 |a||0|spa d
040 ## - FUENTE DE CATALOGACIÓN
Centro catalogador/agencia de origen DO-SdUA
Lengua de catalogación spa
Centro/agencia transcriptor DO-SdUA
041 0# - CÓDIGO DE IDIOMA
Código de lengua del texto/banda sonora o título independiente spa
092 ## - ASIGNACIÓN LOCAL DE SIGNATURA TOPOGRÁFICA DEWEY (OCLC)
Número de clasificación MA-PPGE 0025 FCE 2020
100 1# - ENTRADA PRINCIPAL--NOMBRE DE PERSONA
Nombre de persona Gómez Martínez, Rolenny Mercedes
245 13 - MENCIÓN DEL TÍTULO
Título El juego como estrategia lúdica para facilitar el aprendizaje de los niños de pre-primario de la escuela Prof. Jorge Rubén Bonilla Castelle, durante el año escolar 2019-2020 /
Mención de responsabilidad, etc. Rolenny Mercedes Gómez Martínez.
260 ## - PUBLICACIÓN, DISTRIBUCIÓN, ETC.
Lugar de publicación, distribución, etc. Puerto Plata :
Nombre del editor, distribuidor, etc. UASD,
Fecha de publicación, distribución, etc. 2020.
300 ## - DESCRIPCIÓN FÍSICA
Extensión 9, 128, h. :
Otras características físicas il.
502 ## - NOTA DE TESIS
Nota de tesis Tesis y trabajos de grado (Maestría en Procesos Pedagógicos y Gestión de la Educación Infantil)-- Universidad Autónoma de Santo Domingo, Puerto Plata, 2020.
504 ## - NOTA DE BIBLIOGRAFÍA, ETC.
Nota de bibliografía, etc. Nota Incluye referencias bibliográficas y anexos.
650 #7 - PUNTO DE ACCESO ADICIONAL DE MATERIA--TÉRMINO DE MATERIA
Fuente del encabezamiento o término lemb
9 (RLIN) 16827
Término de materia o nombre geográfico como elemento de entrada Juegos educativos
Subdivisión general Investigaciones
Subdivisión cronológica 2019-2020
650 #7 - PUNTO DE ACCESO ADICIONAL DE MATERIA--TÉRMINO DE MATERIA
Fuente del encabezamiento o término lemb
9 (RLIN) 2134
Término de materia o nombre geográfico como elemento de entrada Aprendizaje
650 #7 - PUNTO DE ACCESO ADICIONAL DE MATERIA--TÉRMINO DE MATERIA
Fuente del encabezamiento o término lemb
9 (RLIN) 10519
Término de materia o nombre geográfico como elemento de entrada Educación preescolar
651 #7 - PUNTO DE ACCESO ADICIONAL DE MATERIA--NOMBRE GEOGRÁFICO
Fuente del encabezamiento o término lemb
9 (RLIN) 56419
Nombre geográfico San Felipe de Puerto Plata
830 ## - PUNTO DE ACCESO ADICIONAL DE SERIE-TÍTULO UNIFORME
Título uniforme Tesis y disertaciones académicas (Universidad Autónoma de Santo Domingo)
942 ## - ELEMENTOS DE ENTRADA SECUNDARIOS (KOHA)
Fuente de la clasificación o esquema de estantería
Tipo de ítem Koha
Suprimir en OPAC No

No items available.

© 2024. Todos los Derechos Reservados. Desarrollado por IDEICE